Living with lace / (Record no. 751)

MARC details
000 -LEADER
fixed length control field 00996cam a2200289 a 4500
005 - DATE AND TIME OF LATEST TRANSACTION
control field 20260322212032.0
008 - FIXED-LENGTH DATA ELEMENTS--GENERAL INFORMATION
fixed length control field data
010 ## - LIBRARY OF CONGRESS CONTROL NUMBER
LC control number 90034556
020 ## - INTERNATIONAL STANDARD BOOK NUMBER
International Standard Book Number 155670156X :
Terms of availability {dollar}29.95
020 ## - INTERNATIONAL STANDARD BOOK NUMBER
International Standard Book Number 9781556701566 :
Terms of availability {dollar}29.95
040 ## - CATALOGING SOURCE
Original cataloging agency DLC
Transcribing agency DLC
Modifying agency DLC
050 00 - LIBRARY OF CONGRESS CALL NUMBER
Classification number TX315
Item number .N55 1990
082 00 - DEWEY DECIMAL CLASSIFICATION NUMBER
Classification number 645/.046
Edition information 20
092 ## - LOCALLY ASSIGNED DEWEY CALL NUMBER (OCLC)
Classification number 645.04 N55 1990
001 - CONTROL NUMBER
control field data
100 1# - MAIN ENTRY--PERSONAL NAME
Personal name Niles, Bo.
245 10 - TITLE STATEMENT
Title Living with lace /
Statement of responsibility, etc. Bo Niles & George Ross.
260 ## - PUBLICATION, DISTRIBUTION, ETC.
Place of publication, distribution, etc. New York :
Name of publisher, distributor, etc. Distributed by Workman Pub.,
-- Distributed by Workman Pub.,
Date of publication, distribution, etc. 1990.
300 ## - PHYSICAL DESCRIPTION
Extent 175 p. :
Other physical details ill. (some col.) ;
Dimensions 29 cm.
500 ## - GENERAL NOTE
General note Includes index.
650 #0 - SUBJECT ADDED ENTRY--TOPICAL TERM
Topical term or geographic name entry element Textile fabrics in interior decoration.
650 #0 - SUBJECT ADDED ENTRY--TOPICAL TERM
Topical term or geographic name entry element Lace and lace making.
700 1# - ADDED ENTRY--PERSONAL NAME
Personal name Ross, George,
Dates associated with a name 1959-
906 ## - LOCAL DATA ELEMENT F, LDF (RLIN)
a 7
b cbc
c orignew
d 1
e ocip
f 19
g y-gencatlg
991 ## -
-- c-GenColl
-- TX315
-- .N55 1990
-- Copy 1
-- BOOKS
Holdings
Withdrawn status Lost status Damaged status Not for loan Home library Current library Shelving location Date acquired Total checkouts Full call number Barcode Date last seen Price effective from Koha item type
        Centerville Centerville General stacks 22/03/2026   645/.046 20 BC0010770 22/03/2026 22/03/2026 Books